000 00502nam a22001937a 4500
003 MPLRDC
005 20220104162528.0
008 210129b ||||| |||| 00| 0 eng d
020 _a957-455-788-2
082 _a711 MAT
100 _aKLAUS-JURGEN MATZ
245 _a世界史最重要的1000个日子
_c陈耀功等译
250 _a初版
260 _a台湾
_b晨星出版有限公司
_c2005
300 _b249
490 _a知识之门. 10
650 _a世界通史
942 _cBK
_o711 MAT
999 _c56013
_d56003